| Tag |
First Indicator |
Second Indicator |
Subfields |
| LEADER |
00000cam a2200000 4500 |
| 001 |
in00000037333 |
| 005 |
20151007072325.0 |
| 008 |
750725s1957 enkab 00000 eng u |
| 010 |
|
|
|a 61041985
|
| 035 |
|
|
|a (OCoLC)01476495
|
| 035 |
|
|
|9 AAE7665AM
|
| 040 |
|
|
|c DZM
|d TXA
|d UtOrBLW
|
| 049 |
|
|
|a TXAM
|c [408383]
|
| 050 |
|
0 |
|a SD434
|b .W6
|
| 092 |
|
|
|a 582
|b W881s, 1957
|
| 130 |
0 |
|
|a Wood (London)
|
| 245 |
1 |
2 |
|a A second collection of wood specimens ;
|b 100 reproductions in colour /
|c Edited by Patrick Nairn. Introd. and texts: H. A. Cox. Structure drawings and notes: D. R. Johnston.
|
| 264 |
|
1 |
|a London :
|b Tothill Press,
|c 1957.
|
| 300 |
|
|
|a xiv, 204 pages :
|b illustrations (part color) maps. ;
|c 30 cm.
|
| 336 |
|
|
|a text
|b txt
|2 rdacontent
|
| 337 |
|
|
|a unmediated
|b n
|2 rdamedia
|
| 338 |
|
|
|a volume
|b nc
|2 rdacarrier
|
| 500 |
|
|
|a Selected from the series of colour plates published monthly in the technical journal, Wood."."
|
| 650 |
|
0 |
|a Wood-sections
|x Sample book.
|
| 650 |
|
0 |
|a Trees.
|
| 700 |
1 |
|
|a Nairn, Patrick.
|
| 999 |
|
|
|a MARS
|
| 999 |
f |
f |
|s d5dd383c-48c0-3ffe-810b-eb02c9dc9835
|i 832b2a76-7c5a-39b6-b9b2-17b63021fba6
|t 0
|
| 952 |
f |
f |
|p ric
|a Texas A&M University
|b Rellis Campus
|c Joint Library Facility
|d Remote Storage
|t 0
|e SD434 .W6
|h Library of Congress classification
|i unmediated -- volume
|m A14800994476
|
| 998 |
f |
f |
|a SD434 .W6
|t 0
|l Remote Storage
|